Corrosion of steel in concrete (Record no. 104105)

MARC details
000 -LEADER
fixed length control field 01527cam a2200289 4500
008 - FIXED-LENGTH DATA ELEMENTS--GENERAL INFORMATION
fixed length control field 050317n2004 000 0 eng u
020 ## - INTERNATIONAL STANDARD BOOK NUMBER
International Standard Book Number 1860817300
035 ## - SYSTEM CONTROL NUMBER
System control number (Sirsi) u129096
041 ## - LANGUAGE CODE
Language code of text/sound track or separate title eng
050 ## - LIBRARY OF CONGRESS CALL NUMBER
Classification number 693.54
-- 18
100 ## - MAIN ENTRY--PERSONAL NAME
Personal name Sergi, G.
245 ## - TITLE STATEMENT
Title Corrosion of steel in concrete
Remainder of title a review of the effect of humidity
260 ## - PUBLICATION, DISTRIBUTION, ETC.
Place of publication, distribution, etc. Watford
Name of publisher, distributor, etc. BRE
Date of publication, distribution, etc. 2004
300 ## - PHYSICAL DESCRIPTION
Extent 8p.
Dimensions 30cm.
350 ## - PRICE (NR) (BK AM CF MU VM SE) [OBSOLETE]
Price 12
490 ## - SERIES STATEMENT
Series statement BRE Digest
Volume/sequential designation 491
520 ## - SUMMARY, ETC.
Summary, etc. The definitive prescriptive nature of the exposure classes for concrete susceptible to reinforcement corrosion in the European Standard EN 206 does not adequately describe the enhanced risks of possible changing ambient environments in the lifetime of steel reinforcement, nor does it quantify the risk of reinforcement corrosion for more constant environments. A more robust environmental classification is needed based on a better understanding of the variation of moisture with depth under changing external conditions and of the resulting rate of corrosion of the steel reinforcement. This digest reviews recent models and data, presenting supplementary information to EN 206 for the UK, based on industry practices and environmental data.
650 ## - SUBJECT ADDED ENTRY--TOPICAL TERM
Topical term or geographic name entry element REINFORCED CONCRETE
650 ## - SUBJECT ADDED ENTRY--TOPICAL TERM
Topical term or geographic name entry element CORROSION
650 ## - SUBJECT ADDED ENTRY--TOPICAL TERM
Topical term or geographic name entry element STEEL
650 ## - SUBJECT ADDED ENTRY--TOPICAL TERM
Topical term or geographic name entry element BS EN 206-1:2000
690 ## - LOCAL SUBJECT ADDED ENTRY--TOPICAL TERM (OCLC, RLIN)
Topical term or geographic name as entry element BUILT ENVIRONMENT-BUILDING MATERIALS
700 ## - ADDED ENTRY--PERSONAL NAME
Personal name Dunster, A.
710 ## - ADDED ENTRY--CORPORATE NAME
Corporate name or jurisdiction name as entry element Building Research Establishment
710 ## - ADDED ENTRY--CORPORATE NAME
Corporate name or jurisdiction name as entry element United Kingdom
Subordinate unit Department of Trade and Industry
942 ## - ADDED ENTRY ELEMENTS (KOHA)
Suppress in OPAC 0
Holdings
Withdrawn status Lost status Source of classification or shelving scheme Damaged status Not for loan Home library Current library Shelving location Date acquired Total Checkouts Full call number Barcode Date last seen Copy number Price effective from Koha item type
    Dewey Decimal Classification     London London BRE publications 17/03/2005   ENQUIRY DESK 30069849 06/08/2019 1 06/08/2019 Book